| 000 | 00988cad a22001935a 4500 | ||
|---|---|---|---|
| 001 | L151988 | ||
| 008 | 110118s2010 xxk f 000 0 eng d | ||
| 035 | _a(Sirsi) u151988 | ||
| 041 | 0 | _aeng | |
| 110 | 2 |
_aUnited Kingdom _bHM Treasury |
|
| 245 | 0 | 0 |
_aInfrastructure cost review _bmain report _h[electronic resource] |
| 260 |
_aLondon _bHM Treasury _c2010 |
||
| 520 | _aIdentifies a number of reasons for the higher cost of construction in the UK compared with other EU countries. These costs are mainly found in the early and pre-construction stages of a project. Efficiency improvements could save £2-3 billion per annum and some specific areas have been identified for savings which will be announced around the time of Budget 2011. | ||
| 590 | _aKA NTK | ||
| 651 | 4 |
_aEngland and Wales _y1543- |
|
| 690 | _aPROPERTY-INFRASTRUCTURE | ||
| 856 | 4 | 0 |
_uhttps://www.hm-treasury.gov.uk/d/cost_review_main211210.pdf _zView the document free of charge at www.hm-treasury.gov.uk |
| 942 | _n0 | ||
| 999 |
_c111780 _d111780 |
||